[Event "FIDE Grand Swiss 2021"]
[Site "Riga"]
[Date "06.11.2021"]
[Round "10"]
[White "Predke, Alexandr"]
[Black "Anton Guijarro, David"]
[Result "1/2-1/2"]
[WhiteElo "2666"]
[BlackElo "2658"]

1. d4 Nf6 2. c4 e6 3. Nc3 d5 4. Bg5 dxc4 5. e3 c5 6. Bxf6 Qxf6 7. d5 a6 8.
Nf3 Nd7 9. dxe6 Qxe6 10. Qa4 Rb8 11. Bxc4 Qf6 12. Be2 b5 13. Qe4+ Be7 14.
Nd5 Qd6 15. a4 bxa4 16. Nxe7 Qxe7 17. Qxa4 Rxb2 18. Bxa6 O-O 19. O-O Nf6
20. Qa3 Rb6 21. Bxc8 Rxc8 22. Rac1 Ne4 23. Rfd1 Rd6 24. Rxd6 Qxd6 25. Qa4
Qd5 26. Qc4 Qxc4 27. Rxc4 f5 28. Kf1 Kf7 29. Rc2 Ke6 30. Nd2 Kd5 31. Nc4
Rb8 32. f3 Nd6 33. Nxd6 Kxd6 34. Ke2 g5 35. e4 fxe4 36. fxe4 Rb5 37. Rd2+
Ke5 38. Rd5+ Kf4 39. Rf5+ Kxe4 40. Rxg5 Rb2+ 41. Kd1 c4 42. Rh5 Rxg2
1/2-1/2

[Event "FIDE Grand Swiss 2021"]
[Site "Riga"]
[Date "06.11.2021"]
[Round "10"]
[White "Sevian, Samuel"]
[Black "Sargissian, Gabriel"]
[Result "1/2-1/2"]
[WhiteElo "2654"]
[BlackElo "2664"]

1. c4 e6 2. Nc3 d5 3. d4 Nf6 4. cxd5 exd5 5. Bg5 c6 6. e3 h6 7. Bh4 Be7 8.
Bd3 O-O 9. Nge2 Nbd7 10. Qc2 Re8 11. a3 a5 12. f3 b5 13. O-O Ba6 14. e4 Qb6
15. exd5 cxd5 16. Bxf6 Nxf6 17. Qb3 b4 18. Bxa6 Qxa6 19. axb4 Bxb4 20. Nf4
Qc4 21. Qxc4 dxc4 22. Nfe2 Re3 23. Rfc1 Rd3 24. Rd1 Rd8 25. Kf2 g6 26. Na4
Nd5 27. Rxd3 cxd3 28. Nec3 Nf4 29. g3 Ne6 30. d5 Nc5 31. Nxc5 Bxc5+ 32. Ke1
Bb4 33. Ra4 Re8+ 34. Kd2 Re2+ 35. Kxd3 Rxb2 36. Na2 Bd6 37. Rxa5 Rxh2 38.
g4 Rf2 39. Ke3 Rc2 40. Kd3 Rf2 41. Ke3 1/2-1/2

[Event "FIDE Grand Swiss 2021"]
[Site "Riga"]
[Date "06.11.2021"]
[Round "10"]
[White "Esipenko, Andrey"]
[Black "Sasikiran, Krishnan"]
[Result "1-0"]
[WhiteElo "2720"]
[BlackElo "2640"]

1. e4 c5 2. Nf3 d6 3. Bb5+ Nd7 4. Be2 Ngf6 5. Nc3 b6 6. d4 cxd4 7. Qxd4 Bb7
8. Bg5 e5 9. Qe3 Be7 10. Rd1 Qc7 11. Bxf6 Nxf6 12. Bb5+ Kf8 13. Ba4 Ba6 14.
Bb3 Rc8 15. Nd5 Nxd5 16. Rxd5 h5 17. Kd1 Rh6 18. h3 Kg8 19. Kc1 Bc4 20. Rd2
b5 21. Kb1 a5 22. Bxc4 Qxc4 23. Qe2 Rg6 24. Rg1 a4 25. Qxc4 Rxc4 26. Re2
Bd8 27. Ne1 Ba5 28. f3 Bxe1 29. Rgxe1 h4 30. b3 Rc6 31. Kb2 Kf8 32. Ka3 Ke7
33. Kb4 Rc5 34. bxa4 bxa4 35. Kxa4 Rh6 36. Rb1 Rh8 37. Rb7+ Ke6 38. Kb3 Ra8
39. Rb4 Rca5 40. a4 Kf6 41. c4 R5a6 42. Ra2 R8a7 43. Rb8 Kg5 44. Kb4 g6 45.
a5 Rc6 46. Rd2 Kf4 47. Rb6 Rc8 48. Rbxd6 Rca8 49. R6d5 f5 50. Re2 Re7 51.
Rb5 Rd8 52. a6 Rd1 53. Ra2 Ra7 54. c5 fxe4 55. fxe4 Kxe4 56. Ka5 Rd8 57.
Rb7 Raa8 58. a7 Rd1 59. Ka6 Rdd8 60. c6 1-0

[Event "FIDE Grand Swiss 2021"]
[Site "Riga"]
[Date "06.11.2021"]
[Round "10"]
[White "Sjugirov, Sanan"]
[Black "Harikrishna, Pentala"]
[Result "1/2-1/2"]
[WhiteElo "2663"]
[BlackElo "2719"]

1. e4 e5 2. Nf3 Nc6 3. Bb5 a6 4. Ba4 Nf6 5. O-O Be7 6. d3 b5 7. Bb3 d6 8.
a4 Bd7 9. c3 O-O 10. Bc2 Re8 11. Re1 h6 12. Nbd2 b4 13. Nf1 Bf8 14. Ng3 Rb8
15. d4 Na5 16. Bd2 Nc4 17. cxb4 exd4 18. Nxd4 d5 19. Bc3 Bxb4 20. exd5 Bxc3
21. bxc3 Rxe1+ 22. Qxe1 Nb6 23. Nc6 Bxc6 24. dxc6 Nbd5 25. Bd3 Rb6 26. Qd2
Qe8 27. Re1 Qxc6 28. c4 Nb4 29. Bb1 Rb8 30. Nf5 Qxc4 31. Nxh6+ gxh6 32.
Qxh6 Nbd5 33. Qg5+ Kf8 34. Qh6+ Kg8 35. Qg5+ Kf8 36. Qh6+ 1/2-1/2

[Event "FIDE Grand Swiss 2021"]
[Site "Riga"]
[Date "06.11.2021"]
[Round "10"]
[White "Dubov, Daniil"]
[Black "Kryvoruchko, Yuriy"]
[Result "1/2-1/2"]
[WhiteElo "2714"]
[BlackElo "2686"]

1. d4 Nf6 2. c4 e6 3. Nf3 d5 4. g3 Be7 5. Bg2 O-O 6. O-O dxc4 7. Qc2 b5 8.
a4 b4 9. Nbd2 Bb7 10. Nxc4 c5 11. dxc5 Be4 12. Qd2 Bxc5 13. Nfe5 Bxg2 14.
Kxg2 Nbd7 15. Nxd7 Nxd7 16. Rd1 Nb6 17. Qxd8 Rfxd8 18. Nxb6 Bxb6 19. Bf4 f6
20. Rxd8+ Rxd8 21. a5 Bd4 22. Rd1 e5 23. Be3 Rd5 24. Bxd4 exd4 25. a6 Kf7
26. Rc1 d3 27. exd3 Rxd3 28. Rc7+ Kg6 29. Rxa7 Rd2 30. Rb7 Rxb2 31. a7 Ra2
32. Rxb4 Rxa7 1/2-1/2

[Event "FIDE Grand Swiss 2021"]
[Site "Riga"]
[Date "06.11.2021"]
[Round "10"]
[White "Keymer, Vincent"]
[Black "Alekseenko, Kirill"]
[Result "1-0"]
[WhiteElo "2630"]
[BlackElo "2710"]

1. d4 Nf6 2. c4 e6 3. Nf3 d5 4. Nc3 Bb4 5. Qa4+ Nc6 6. e3 O-O 7. Qc2 Re8 8.
Bd2 h6 9. Rd1 Bf8 10. Be2 a6 11. a3 dxc4 12. Bxc4 b5 13. Bd3 Bb7 14. Ne4
Nd7 15. Ng3 Ne7 16. b4 f5 17. O-O Nf6 18. Rfe1 Nc8 19. Ne5 Bd6 20. e4 fxe4
21. Nxe4 Bxe5 22. dxe5 Nxe4 23. Bxe4 Bxe4 24. Rxe4 h5 25. Bh6 Qe7 26. Re3
1-0

[Event "FIDE Grand Swiss 2021"]
[Site "Riga"]
[Date "06.11.2021"]
[Round "10"]
[White "Fedoseev, Vladimir"]
[Black "Nihal, Sarin"]
[Result "1/2-1/2"]
[WhiteElo "2704"]
[BlackElo "2652"]

1. e4 e5 2. Nf3 Nf6 3. Nxe5 d6 4. Nd3 Nxe4 5. Nf4 Nf6 6. d4 d5 7. Bd3 Be7
8. h3 O-O 9. O-O Re8 10. Be3 Nc6 11. c3 Bd6 12. Qf3 Ne7 13. Nd2 c6 14. Rfe1
Ng6 15. Nh5 Nxh5 16. Qxh5 Bd7 17. Nf3 Nf8 18. Bd2 f6 19. c4 Be6 20. c5 Bc7
21. Nh4 Qd7 22. Qf3 Bf7 23. Nf5 Bg6 24. h4 Bxf5 25. Bxf5 Qf7 26. h5 g6 27.
hxg6 hxg6 28. Qg4 Qg7 29. Be6+ Rxe6 30. Rxe6 1/2-1/2

[Event "FIDE Grand Swiss 2021"]
[Site "Riga"]
[Date "06.11.2021"]
[Round "10"]
[White "Maghsoodloo, Parham"]
[Black "Deac, Bogdan-Daniel"]
[Result "0-1"]
[WhiteElo "2701"]
[BlackElo "2643"]

1. c4 e6 2. Nc3 c5 3. Nf3 Nf6 4. d4 cxd4 5. Nxd4 Nc6 6. a3 Bc5 7. Nb3 Bb6
8. c5 Bc7 9. Nb5 O-O 10. Nxc7 Qxc7 11. g3 a5 12. Bg2 a4 13. Nd4 Qe5 14. Be3
Ng4 15. Nxc6 dxc6 16. Qd4 Qf5 17. Be4 Qh5 18. h3 e5 19. Qd3 Nxe3 20. Qxe3
f5 21. Bd3 Re8 22. O-O-O Qf7 23. Kb1 Qb3 24. Bc2 Qxe3 25. fxe3 Ra5 26. Rc1
Be6 27. h4 g6 28. h5 Kg7 29. Rh4 Rxc5 30. Rxa4 Re7 31. hxg6 hxg6 32. Rh1
Rc4 33. Kc1 Kf6 34. Rxc4 Bxc4 35. Kd2 Rd7+ 36. Ke1 Kg5 37. e4 f4 38. gxf4+
Kxf4 39. Rg1 g5 40. e3+ Kxe3 41. Rxg5 Be2 42. Rg1 Bf3 43. Rf1 c5 44. a4 c4
45. a5 Rd6 46. Rf2 Ra6 47. b4 cxb3 48. Bxb3 Rxa5 49. Bd1 Bxd1 50. Re2+ Kf3
51. Rb2 Ba4 0-1

[Event "FIDE Grand Swiss 2021"]
[Site "Riga"]
[Date "06.11.2021"]
[Round "10"]
[White "Artemiev, Vladislav"]
[Black "Petrosyan, Manuel"]
[Result "1/2-1/2"]
[WhiteElo "2699"]
[BlackElo "2605"]

1. e4 e5 2. Nf3 Nc6 3. Bc4 Bc5 4. O-O Nf6 5. d3 d6 6. c3 a5 7. Re1 O-O 8.
h3 h6 9. Nbd2 a4 10. Bb5 Bd7 11. Nf1 Ne7 12. Bxd7 Qxd7 13. d4 exd4 14. cxd4
Bb4 15. Bd2 Bxd2 16. N3xd2 b5 17. Ng3 c5 18. e5 dxe5 19. dxc5 Rad8 20. Nde4
Nxe4 21. Nxe4 Qc6 22. Qf3 Rd4 23. Rad1 Rfd8 24. Nd6 Qxf3 25. gxf3 Rxd1 26.
Rxd1 Nc6 27. Kg2 f5 28. Re1 b4 29. h4 g5 30. hxg5 hxg5 31. Rh1 Nd4 32. Rc1
Nc6 33. Kf1 Kh7 34. a3 Rb8 35. Rc4 Kg6 36. axb4 Rxb4 37. Rxb4 Nxb4 38. Nc4
Kf6 39. Nb6 e4 40. fxe4 fxe4 41. Nxa4 Ke5 42. Nc3 Kd4 43. Na2 Nc6 44. b4
Kd3 45. Kg2 Kc4 46. Kh3 Ne5 47. Kg3 Kb3 48. b5 Kxa2 49. c6 Nc4 50. Kg4 Kb3
51. c7 Nb6 52. Kf5 Kc4 53. Kxe4 1/2-1/2

[Event "FIDE Grand Swiss 2021"]
[Site "Riga"]
[Date "06.11.2021"]
[Round "10"]
[White "Korobov, Anton"]
[Black "Shevchenko, Kirill"]
[Result "1/2-1/2"]
[WhiteElo "2690"]
[BlackElo "2632"]

1. e4 c5 2. Nf3 Nc6 3. d4 cxd4 4. Nxd4 Nf6 5. Nc3 e5 6. Ndb5 d6 7. Bg5 a6
8. Na3 b5 9. Nd5 Be7 10. Bxf6 Bxf6 11. c3 O-O 12. Nc2 Be6 13. Be2 Bg5 14.
O-O Rb8 15. Nce3 g6 16. a4 Bxe3 17. Nxe3 bxa4 18. Qxa4 Rxb2 19. Qxc6 Rxe2
20. Qxa6 Rd2 21. Rfd1 Rxd1+ 22. Rxd1 Qc8 23. Qxd6 Qxc3 24. h4 h5 25. Nd5
Bxd5 26. exd5 Qc2 27. Re1 Qd2 28. Rb1 e4 29. Qe5 Rd8 30. Qxe4 Qxd5 1/2-1/2

[Event "FIDE Grand Swiss 2021"]
[Site "Riga"]
[Date "06.11.2021"]
[Round "10"]
[White "Kuzubov, Yuriy"]
[Black "Grandelius, Nils"]
[Result "1/2-1/2"]
[WhiteElo "2624"]
[BlackElo "2662"]

1. d4 Nf6 2. Nf3 g6 3. Nbd2 Bg7 4. e4 O-O 5. Bd3 c5 6. c3 d5 7. e5 Nh5 8.
O-O cxd4 9. cxd4 Nf4 10. Bc2 f6 11. exf6 Bxf6 12. Ne5 Bxe5 13. dxe5 Nc6 14.
Nb3 Nxe5 15. Nd4 Qd6 16. Bf5 Nc6 17. Bxf4 Qxf4 18. Bxc8 Nxd4 19. Bxb7 Rad8
20. Qd3 e5 21. Rac1 Qf7 22. Ba6 Qf6 23. Rc7 Rd6 24. Rxa7 Nc6 25. Rc7 Nd4
26. Bb7 Qg5 27. Rc5 Ne6 28. Rxd5 Nf4 29. Rxd6 Nxd3 30. Rxd3 Rd8 31. Rb3 Qd2
32. g3 Qe2 33. Bf3 Qc2 34. Re1 Rd2 35. Rb8+ Kg7 36. Rb7+ Kh6 37. Be4 Qc5
38. Rf7 Qc4 39. Rf3 Re2 40. Rxe2 Qxe2 41. Re3 Qxb2 42. Bd5 Qd4 43. Bb3 Kg7
44. Rf3 Qc5 45. Rf7+ Kh8 46. Rd7 Qc1+ 47. Rd1 Qc3 48. h4 Qc8 49. Rd6 Qc5
50. Re6 Qd4 51. Re8+ Kg7 52. Re7+ Kh8 53. Rf7 Qc5 54. Rf3 Kg7 55. Re3 Qd4
56. Kg2 Qc5 57. Rd3 Qc6+ 58. Rd5 Qc7 59. Kf1 Qc1+ 60. Ke2 Qb2+ 61. Rd2 Qc3
62. Rc2 Qa5 63. Rc4 Qb6 64. Kf1 Qb7 65. Kg1 Qb6 66. Bc2 Qa5 67. Ra4 Qc7 68.
Be4 Qd7 69. Rc4 Qd2 70. a3 Qa5 71. a4 Qd2 72. Kg2 Qe2 73. Rc7+ Kh8 74. Bf3
Qa6 75. Bc6 Qb6 76. Rc8+ Kg7 77. Bb5 Qd6 78. Rc1 Qd2 79. Rc7+ Kh8 80. Rd7
Qb4 81. Ra7 Qd4 82. Rd7 Qb4 83. Kg1 Qe1+ 84. Bf1 Qa5 85. Re7 Qxa4 86. Rxe5
Qa1 87. Re3 Qc1 88. Kg2 Qc6+ 89. Kh2 Qf6 90. Re2 Qd4 91. Bg2 Qf6 92. Be4
Qd4 93. Kg2 Qc4 94. Bf3 Qc5 95. Rd2 Qe7 96. Rd5 Kg7 97. Rb5 Qf6 98. Be4 Qd4
99. Bd5 Qd3 100. Rb7+ Kh8 101. Rd7 Qb5 102. Rd8+ Kg7 103. Be4 Qa4 104. Bf3
Qb5 105. Rd5 Qa4 106. Rg5 Qb4 107. h5 Qe7 108. Rb5 Qe8 109. Rb7+ Kh6 110.
Rb6 Qd8 111. Rc6 Qd4 112. hxg6 hxg6 113. Rc7 Qe5 114. Rd7 Qe6 115. Rd4 Qe5
116. Rg4 Qe6 117. Re4 Qf5 118. Rh4+ Kg7 119. Rb4 Qc5 120. Rb7+ Kf8 121. Rb3
Kg7 122. Be4 Qd4 123. Re3 Kh6 124. Re1 Kg7 125. Ba8 Qd8 126. Ra1 Qd4 127.
Rb1 Kh6 128. Rb8 Qa7 129. Rh8+ Kg7 130. Rc8 Qd4 131. Rc7+ Kh6 132. Bf3 Qe5
133. Rc4 Qe6 134. Re4 Qf5 135. Rh4+ Kg7 136. Be4 Qe6 137. Bf3 Qe5 138. Ra4
Kh6 139. Ra2 Qd4 140. Re2 Qd6 141. Be4 Qd4 142. f3 Kg7 143. Rc2 Qd6 144.
Rb2 Kf8 145. Rc2 Kg7 146. Kh2 Qd4 147. Rc7+ Kf8 148. Kh3 Qh8+ 149. Kg2 Qd4
150. Rh7 Qd6 151. Kh3 Qe6+ 152. g4 g5 153. Rb7 Qe5 154. Kg2 Qd4 155. Rb5
Qd2+ 156. Kh3 Qc1 157. Rf5+ 1/2-1/2

[Event "FIDE Grand Swiss 2021"]
[Site "Riga"]
[Date "06.11.2021"]
[Round "10"]
[White "Aronian, Levon"]
[Black "Abdusattorov, Nodirbek"]
[Result "1-0"]
[WhiteElo "2782"]
[BlackElo "2646"]

1. d4 Nf6 2. Bf4 d5 3. e3 c5 4. Nf3 Nc6 5. Nbd2 Nh5 6. dxc5 Nxf4 7. exf4 g6
8. c3 Bh6 9. g3 O-O 10. Nb3 Bg7 11. h4 Bg4 12. Be2 Bxf3 13. Bxf3 e6 14. O-O
Rc8 15. Qe2 Na5 16. Rfd1 Nc4 17. Be4 Na5 18. Bd3 b6 19. cxb6 Qxb6 20. h5
Nxb3 21. axb3 a5 22. Bc2 Rc5 23. Rd3 d4 24. hxg6 hxg6 25. c4 Bf6 26. g4 Qd6
27. Qe4 Bg7 28. Kg2 Rb8 29. Rf3 Kf8 30. Rh3 g5 31. f5 exf5 32. gxf5 Re5 33.
Qf3 Bf6 34. Be4 d3 35. Bd5 d2 36. Rd1 a4 37. Rh7 Rxd5 38. Qxd5 Qxd5+ 39.
cxd5 Rxb3 40. Rxd2 Rxb2 41. Rxb2 Bxb2 42. Rh6 a3 43. Ra6 1-0

[Event "FIDE Grand Swiss 2021"]
[Site "Riga"]
[Date "06.11.2021"]
[Round "10"]
[White "Niemann, Hans Moke"]
[Black "Xiong, Jeffery"]
[Result "0-1"]
[WhiteElo "2638"]
[BlackElo "2700"]

1. Nf3 d5 2. d4 Nf6 3. c4 dxc4 4. g3 Nc6 5. Nc3 e6 6. Bg2 Rb8 7. O-O b5 8.
Ne5 Nxe5 9. dxe5 Nd7 10. a4 b4 11. Nb5 Bc5 12. Bf4 g5 13. Be3 Bxe3 14. fxe3
a6 15. Na7 Nxe5 16. Qd4 Qd6 17. Rfd1 O-O 18. Qe4 Bb7 19. Qxb7 Rxb7 20. Rxd6
Rxa7 21. Rd4 c5 22. Rd6 a5 23. Rb6 Rd8 24. Rb5 Rd2 25. Rxc5 f6 0-1

[Event "FIDE Grand Swiss 2021"]
[Site "Riga"]
[Date "06.11.2021"]
[Round "10"]
[White "Eljanov, Pavel"]
[Black "Saric, Ivan"]
[Result "1/2-1/2"]
[WhiteElo "2691"]
[BlackElo "2644"]

1. Nf3 d5 2. c4 c6 3. g3 Nf6 4. Bg2 g6 5. b3 Bg7 6. Bb2 O-O 7. O-O a5 8. d3
b6 9. Qc2 Bb7 10. e4 Na6 11. a3 e6 12. Be5 Re8 13. Nc3 Nc5 14. exd5 exd5
15. Rfe1 dxc4 16. dxc4 Qd3 17. Qb2 Qf5 18. Nh4 Qe6 19. Qb1 Rad8 20. Bc7
Qxe1+ 21. Qxe1 Rxe1+ 22. Rxe1 Rd3 23. Bxb6 Nxb3 24. Na4 Bf8 25. Nf3 Nd7 26.
Be3 Nbc5 27. Nxc5 Nxc5 28. a4 Ra3 29. Ne5 Rxa4 30. Rd1 Ne6 31. Bh3 f5 32.
Bg2 Bc5 33. Bxc5 Nxc5 34. Nxc6 Ra2 35. h4 a4 36. Rd5 Ra1+ 37. Kh2 Bxc6 38.
Rxc5 Bxg2 39. Kxg2 a3 40. Rc7 Rc1 1/2-1/2

[Event "FIDE Grand Swiss 2021"]
[Site "Riga"]
[Date "06.11.2021"]
[Round "10"]
[White "Yilmaz, Mustafa"]
[Black "Wojtaszek, Radoslaw"]
[Result "1-0"]
[WhiteElo "2626"]
[BlackElo "2691"]

1. d4 Nf6 2. c4 e6 3. Nf3 d5 4. Nc3 Bb4 5. Bg5 dxc4 6. e4 c5 7. Bxc4 cxd4
8. Nxd4 Qa5 9. Bd2 Qc5 10. Bb5+ Bd7 11. Nb3 Qe7 12. Bd3 Nc6 13. a3 Bd6 14.
O-O O-O 15. Kh1 Ne5 16. Be2 Ng6 17. f4 e5 18. f5 Nf4 19. Bf3 Bc6 20. Na5
Rfd8 21. Qc2 h6 22. Rad1 Be8 23. Bxf4 exf4 24. Nxb7 Qxb7 25. e5 Bc6 26.
exf6 Be5 27. Bxc6 Qxc6 28. fxg7 Rxd1 29. Qxd1 Rb8 30. h3 Rxb2 31. Nd5 Kxg7
32. Re1 Qd6 33. Qg4+ Kh7 34. f6 Bxf6 35. Qf5+ Kg7 36. Nxf4 Bh4 37. Nh5+ Kf8
38. Qc8+ Qd8 39. Qc5+ Kg8 40. Qc3 1-0

[Event "FIDE Grand Swiss 2021"]
[Site "Riga"]
[Date "06.11.2021"]
[Round "10"]
[White "Najer, Evgeniy"]
[Black "Bluebaum, Matthias"]
[Result "1/2-1/2"]
[WhiteElo "2654"]
[BlackElo "2640"]

1. e4 c6 2. d4 d5 3. e5 Bf5 4. Nf3 e6 5. Be2 c5 6. c3 Nc6 7. O-O Bg6 8. Be3
cxd4 9. cxd4 Nge7 10. Nh4 Nf5 11. Nxf5 Bxf5 12. Nc3 Be7 13. g4 Bg6 14. f4
f6 15. exf6 Bxf6 16. Bd3 Bxd3 17. Qxd3 O-O 18. Rf2 Qd7 19. Raf1 Rae8 20.
Rf3 Bd8 21. Ne2 Bb6 22. Kh1 Qe7 23. a3 Rf7 24. Rh3 g6 25. f5 exf5 26. gxf5
Qe4+ 27. Qxe4 dxe4 28. Kg2 Rxf5 29. Rxf5 gxf5 30. Rh5 Rf8 31. Rg5+ Kh8 32.
Bf4 Rd8 33. b4 a6 34. Rxf5 Nxd4 35. Rf6 Nxe2 36. Be5 Kg8 37. Rxb6 Re8 38.
Bg3 e3 39. Bh4 Nd4 40. Rxb7 e2 41. Rb6 e1=Q 42. Bxe1 Rxe1 43. Rxa6 Rb1 44.
Kg3 Rb3+ 45. Kg4 Nc2 46. Ra8+ Kg7 47. Ra7+ Kg6 48. Ra6+ Kg7 49. Ra7+ Kg6
50. Ra6+ 1/2-1/2

[Event "FIDE Grand Swiss 2021"]
[Site "Riga"]
[Date "06.11.2021"]
[Round "10"]
[White "Sarana, Alexey"]
[Black "Sadhwani, Raunak"]
[Result "1-0"]
[WhiteElo "2649"]
[BlackElo "2609"]

1. d4 Nf6 2. c4 e6 3. Nf3 d5 4. Nc3 Bb4 5. cxd5 exd5 6. Bf4 O-O 7. e3 c6 8.
Bd3 Bg4 9. Qb3 Qb6 10. Ne5 Be6 11. O-O Be7 12. Qc2 Nbd7 13. h3 g6 14. Bg5
Rfe8 15. f4 Nxe5 16. fxe5 Nd7 17. Bxe7 Rxe7 18. Na4 Qd8 19. Rf4 Rc8 20. Qf2
c5 21. Rf1 cxd4 22. exd4 Nf8 23. Nc5 Qe8 24. h4 b6 25. Nb3 Bd7 26. h5 Bb5
27. Bxb5 Qxb5 28. Rxf7 Qxf1+ 29. Qxf1 Rxf7 30. Qb5 Rd8 31. h6 Ne6 32. Qc6
Nf4 33. Kh2 Rdf8 34. g3 Ne2 35. Qxd5 Kh8 36. e6 1-0

[Event "FIDE Grand Swiss 2021"]
[Site "Riga"]
[Date "06.11.2021"]
[Round "10"]
[White "Ter-Sahakyan, Samvel"]
[Black "Swiercz, Dariusz"]
[Result "1/2-1/2"]
[WhiteElo "2607"]
[BlackElo "2647"]

1. d4 Nf6 2. c4 e6 3. Nf3 d5 4. Nc3 Nbd7 5. Bf4 Bb4 6. cxd5 exd5 7. e3 Ne4
8. Rc1 g5 9. Be5 f6 10. Bg3 h5 11. h4 g4 12. Ng1 Nxg3 13. fxg3 Qe7 14. Kf2
c6 15. Nge2 Bd6 16. Nf4 Bxf4 17. exf4 f5 18. Bd3 Nf6 19. Re1 Ne4+ 20. Bxe4
fxe4 21. Qd2 O-O 22. Nd1 a5 23. Ne3 Qd6 24. Rc3 Bd7 25. Rec1 a4 26. a3 Ra6
27. R1c2 Rb6 28. Rc5 Rb3 29. R5c3 Rxc3 30. bxc3 b5 31. Qc1 Kf7 32. Qb2 Ke7
33. Qb4 Qxb4 34. cxb4 Kd6 35. Rc5 Bf5 36. Ke2 Rf7 37. Kd2 Rf8 38. Ke2 Rf7
39. Kd2 Rf8 40. Ke2 1/2-1/2

[Event "FIDE Grand Swiss 2021"]
[Site "Riga"]
[Date "06.11.2021"]
[Round "10"]
[White "Svidler, Peter"]
[Black "Antipov, Mikhail Al."]
[Result "1/2-1/2"]
[WhiteElo "2694"]
[BlackElo "2619"]

1. d4 Nf6 2. c4 g6 3. Nc3 d5 4. Nf3 Bg7 5. Bg5 Ne4 6. Bf4 Nxc3 7. bxc3 c5
8. e3 O-O 9. Be2 dxc4 10. Bxc4 cxd4 11. cxd4 Qa5+ 12. Qd2 Nc6 13. Rb1 b6
14. Qxa5 Nxa5 15. Bd5 Bf5 16. e4 Rad8 17. Rc1 Bg4 18. Ne5 Bc8 19. Be3 e6
20. Bb3 Ba6 21. f3 Nxb3 22. axb3 f5 23. Rc7 f4 24. Bd2 Bb5 25. Bc3 Bxe5 26.
dxe5 a5 27. h4 Rf7 28. Rxf7 Kxf7 29. Bd2 Rd3 30. Bxf4 Rxb3 31. Kd2 a4 32.
Rc1 a3 33. Rc7+ Ke8 34. Ra7 Bc4 35. Bh6 b5 36. Ra8+ Kf7 37. Ra7+ Ke8 38.
Ra8+ Kf7 39. Ra7+ Ke8 1/2-1/2

[Event "FIDE Grand Swiss 2021"]
[Site "Riga"]
[Date "06.11.2021"]
[Round "10"]
[White "Van Foreest, Jorden"]
[Black "Ponomariov, Ruslan"]
[Result "1-0"]
[WhiteElo "2691"]
[BlackElo "2631"]

1. e4 e5 2. Nf3 Nc6 3. Bc4 Nf6 4. d3 Bc5 5. c3 d6 6. O-O h6 7. b4 Bb6 8.
Re1 O-O 9. Nbd2 Ne7 10. d4 Ng6 11. Bf1 Re8 12. Qc2 c6 13. h3 Bc7 14. dxe5
Nxe5 15. Nxe5 dxe5 16. a4 Be6 17. Nc4 b5 18. Rd1 Qb8 19. Ne3 a5 20. axb5
cxb5 21. Nd5 Nxd5 22. exd5 Bd7 23. d6 Bxd6 24. Rxa5 Re6 25. c4 Bc6 26. cxb5
Rxa5 27. bxc6 Ra8 28. b5 Bc7 29. Rd7 Rd6 30. Rxd6 Bxd6 31. Be3 Bc7 32. Qc5
Ra5 33. g3 Qd8 34. Kg2 e4 35. Qd4 Ra3 36. b6 Rxe3 37. bxc7 Qxd4 38. c8=Q+
Kh7 39. Qf5+ Kg8 40. Qc8+ Kh7 41. Qf5+ Kg8 42. fxe3 1-0

[Event "FIDE Grand Swiss 2021"]
[Site "Riga"]
[Date "06.11.2021"]
[Round "10"]
[White "Zhou, Jianchao"]
[Black "Ponkratov, Pavel"]
[Result "0-1"]
[WhiteElo "2629"]
[BlackElo "2659"]

1. d4 d5 2. c4 e6 3. Nc3 c6 4. e3 Nd7 5. Nf3 f5 6. Qc2 Nh6 7. g3 Bd6 8. Bg2
O-O 9. O-O Nf7 10. b3 Qe7 11. a4 a5 12. Qa2 Bb4 13. Ba3 dxc4 14. bxc4 e5
15. Rfc1 e4 16. Ne1 h5 17. Ne2 h4 18. Bxb4 axb4 19. c5 Nf6 20. Nf4 hxg3 21.
hxg3 Kh7 22. d5 cxd5 23. Nc2 Qxc5 24. Rab1 Qd6 25. Nxb4 Rd8 26. Rd1 Ra5 27.
Qd2 b6 28. Na2 g5 29. Ne2 Rxa4 30. Nac3 Rc4 31. Qb2 Ne5 32. Nb5 Qe7 33.
Nbd4 Rd6 34. Qa3 Rc5 35. Nb3 Nc4 36. Qb4 Rc7 37. Nbd4 Bd7 38. Ra1 Kg6 39.
Ra8 Qh7 40. Rc1 Rc5 41. Rb8 Qe7 42. Rb7 Qd8 43. Bh3 Qh8 44. Rxd7 Qxh3 45.
Rxd6 Nxd6 46. Ne6 Rxc1+ 47. Nxc1 f4 48. Nxg5 Qc8 49. Nb3 fxe3 50. fxe3 Nde8
51. Nxe4 dxe4 52. Qxb6 Qc3 53. Kf2 Nc7 54. Qa5 Ng4+ 55. Kg2 Nxe3+ 56. Kg1
Qxb3 0-1

[Event "FIDE Grand Swiss 2021"]
[Site "Riga"]
[Date "06.11.2021"]
[Round "10"]
[White "Hovhannisyan, Robert"]
[Black "Cori, Jorge"]
[Result "1/2-1/2"]
[WhiteElo "2622"]
[BlackElo "2655"]

1. e4 c6 2. d4 d5 3. e5 Bf5 4. Nf3 e6 5. Be2 Ne7 6. O-O Ng6 7. a4 Nd7 8.
Ne1 h5 9. Na3 h4 10. c3 f6 11. f4 Kf7 12. Nac2 Be4 13. Nf3 Be7 14. Nd2 Bxc2
15. Qxc2 f5 16. a5 Nb8 17. b4 Na6 18. Nb3 Nc7 19. Bd2 a6 20. g4 hxg3 21.
hxg3 Qd7 22. Kg2 Rh6 23. Rh1 Rah8 24. Rxh6 Rxh6 25. Rh1 Rxh1 26. Kxh1 Nh8
27. g4 g6 28. Kg2 Kg7 29. Be1 Nf7 30. gxf5 exf5 31. Qd3 Nd8 32. Qg3 Nde6
33. Bd3 Qc8 34. Nd2 Kf7 35. Qh2 Kg7 36. Bh4 Bxh4 37. Qxh4 Qh8 38. Qf6+ Kh7
39. Qh4+ Kg8 40. Qxh8+ Kxh8 41. Kf3 Kg7 42. Ke3 Kf7 43. Nf3 Ng7 44. Ng1
Nge6 45. Ne2 Kg7 46. Ng3 Kf7 47. Bc2 Nb5 48. Ne2 Kg7 49. Bd3 Nbc7 50. Ng1
Kh6 51. Be2 g5 52. fxg5+ Kxg5 53. Bf1 Nf4 54. Bh3 Nce6 55. Kf3 Nh5 56. Bg2
Kh4 57. Nh3 Ng5+ 58. Nxg5 Kxg5 59. Bf1 Nf4 60. Ke3 Ne6 61. Be2 Kh4 62. Kf3
Kg5 63. Bd1 Kg6 64. Bc2 Kg5 65. Bb3 Kg6 66. Bd1 Kg5 67. Be2 Kh4 68. Bf1 Kg5
69. Kg3 Kh5 70. Bd3 Kg5 71. Be2 Nf4 72. Kf3 Ne6 73. Kf2 Nf4 74. Ke3 Ng2+
75. Kd2 Nf4 76. Ke3 Ng2+ 77. Kf2 Nf4 78. Kf3 Ne6 79. Bf1 Kh4 80. c4 Kg5 81.
cxd5 cxd5 82. Bg2 1/2-1/2

[Event "FIDE Grand Swiss 2021"]
[Site "Riga"]
[Date "06.11.2021"]
[Round "10"]
[White "Indjic, Aleksandar"]
[Black "Volokitin, Andrei"]
[Result "0-1"]
[WhiteElo "2612"]
[BlackElo "2652"]

1. e4 c5 2. Nc3 e6 3. Nge2 Nc6 4. g3 d5 5. exd5 exd5 6. d4 Bg4 7. Bg2 Nxd4
8. h3 Bf3 9. Kf1 Qf6 10. Qd3 Bxg2+ 11. Kxg2 Nxe2 12. Qxe2+ Ne7 13. Nb5 Rd8
14. Bf4 d4 15. Kh2 Rd7 16. Rhe1 a6 17. Nc7+ Kd8 18. Na8 Rg8 19. a4 g5 20.
Bb8 Bg7 21. Ba7 Nd5 22. Bxc5 Qc6 23. Ba3 Kc8 24. a5 Kb8 25. Nb6 Nxb6 26.
axb6 Qxb6 27. Qd3 Qg6 28. Re4 f5 29. Re2 f4 30. Qxg6 hxg6 31. Re6 Rc8 32.
Rc1 d3 33. c3 fxg3+ 34. Kxg3 Bf8 35. Bxf8 Rxf8 36. Rd1 d2 37. Kg2 Rf5 38.
Rxg6 Rb5 39. b4 Re5 40. Kf1 Rd3 41. c4 Rd4 42. c5 Rxb4 43. c6 Rd4 44. cxb7
Kxb7 45. Rf6 a5 46. Rf3 a4 47. Ra3 Kc6 48. Ra2 Red5 49. Ke2 Kb5 50. f3 Rd3
51. Rb1+ Ka5 0-1

[Event "FIDE Grand Swiss 2021"]
[Site "Riga"]
[Date "06.11.2021"]
[Round "10"]
[White "Zvjaginsev, Vadim"]
[Black "Demchenko, Anton"]
[Result "1/2-1/2"]
[WhiteElo "2609"]
[BlackElo "2651"]

1. c4 e5 2. Nc3 Bb4 3. Nd5 a5 4. a3 Be7 5. d4 d6 6. Nf3 e4 7. Nd2 f5 8. Nb1
Nf6 9. Nxe7 Qxe7 10. Bg5 O-O 11. Nc3 Be6 12. e3 Nbd7 13. Be2 h6 14. Bxf6
Nxf6 15. O-O g5 16. Qd2 a4 17. f3 exf3 18. Rxf3 d5 19. cxd5 Nxd5 20. Re1
Qd7 21. Bc4 c6 22. e4 Nf4 23. Bxe6+ Qxe6 24. h4 Qd6 25. hxg5 hxg5 26. Rg3
Ne6 27. Rxg5+ Nxg5 28. Qxg5+ Kf7 29. exf5 Qxd4+ 30. Re3 Rfe8 31. Qg6+ Kf8
32. Qh6+ Kf7 33. Qh7+ Kf8 34. Qh6+ Kf7 35. Qg6+ Kf8 36. Qh6+ 1/2-1/2